• 首页
  • 本馆介绍
  • 公告通知
  • 最新文献
  • 馆藏检索
  • 电子资源
  • 读者导购
  • 参考咨询
  • 我的图书馆
  • 登录
  • 详细信息显示
  • 放入我的书架
  • 预约/预借图书
  • 作者相关作品
  • 分类相关作品
  • 丛书相关作品
  • 出版社相关作品

书目信息

  • 表格格式
  • 工作单格式
  • 卡片格式
题名:
世界语学习辅导
    
 
作者: ;中国世界语出版社 编
分册:  
出版信息: 北京   中国世界语出版社  1985
页数: 264页
开本: 19cm
丛书名: 世界语自修丛书
单 册:
中图分类: H91
科图分类:
主题词: 世界语
电子资源:
ISBN:
000 00754nam2 2200265 45
001 0185014045
005 20050422095617.0
010    @dCNY1.60
091    @a9278.7
100    @a19930610d1985 em y0chiy0121 ea
101 2  @achi@aesp
102    @aCN@b110000
105    @ay z 000yy
200 10 @a世界语学习辅导@Ashi jie yu xue xi fu dao@f中国世界语出版社编@FZhong Guo Shi Jie Yu Chu Ban She Bian
210    @a北京@c中国世界语出版社@d1985
215    @a264页@d19cm
225 2  @a世界语自修丛书
300    @a中级进修初级入门的辅导读物
410  0 @120010@a世界语自修丛书
606    @a世界语
690    @aH91@v3
711 02 @a中国世界语出版社@4编
801  0 @aCN@b深圳图书馆@c20040509
801  2 @aCN@bNLC@c20040509
905    @dH91@e14@f1@b147890
    
    世界语学习辅导/中国世界语出版社编.-北京:中国世界语出版社,1985
    264页;19cm.-(世界语自修丛书)
    中级进修初级入门的辅导读物
    
    ISBN :CNY1.60
    
●
相关链接 在E读中查询图书 在五车中查询图书 在当当中查询图书 在豆瓣中查询图书


正题名:世界语学习辅导     索取号:H91/14         预约/预借

序号 登录号 条形码 馆藏地/架位号 状态 备注
1 0147888   001168355   第四借阅区/ [索取号:H91/14] 在馆    
2 0147889   001168364   第四借阅区/ [索取号:H91/14] 在馆    
3 0147890   001168373   第四借阅区/ [索取号:H91/14] 在馆    
4 0151227   001168480   第四借阅区/ [索取号:H91/14] 在馆    
5 0151228   001168471   第四借阅区/ [索取号:H91/14] 在馆    
6 0151229   001168462   第二样本阅览室/ [索取号:H91/14] 在馆    
唐山师范学院图书馆 欢迎您!
大连网信软件有限公司© 版权所有